| 000 | 00695 a2200193 4500 | ||
|---|---|---|---|
| 010 | _aENG-89006 | ||
| 020 |
_a9780195685985 _c650.00 |
||
| 035 | _aEN-72539 | ||
| 037 | _bDBAD / PUB | ||
| 082 | 1 | 4 | _a305.89142 |
| 090 |
_c9824 _d9824 |
||
| 100 | 1 | _aDusenbery, Verne A. | |
| 245 | 1 |
_aSikhs at large : _cby Verne A. Dusenbery _breligion, culture and politics in global perspective / |
|
| 260 |
_aNew Delhi _bOxford University Press _c2008 |
||
| 270 |
_aYMCA Library Building, Jai Singh Road _bNew Delhi _e110 001 |
||
| 300 |
_c22 cm ( Hb.) _bx, 337p. |
||
| 942 |
_cEN _adpl _k305.89142/ DUS |
||
| 999 |
_c9645 _d9645 |
||